00925nam a2200337Ia 4500008004000000020001500040041000800055082001600063100001600079245009500095250000500190260003200195300001400227650001200241650001300253650001500266650001700281650000700298650001400305650000700319650001200326650001300338650001100351650000800362650000600370690001300376700001800389906001100407999001900418952015000437210210b2004 xxu||||| |||| 00| 0 eng d a1555812597 aeng a576.64 FLIP aFLINT (S J) aPrinciples of virology Ed 2bMolecular biology, pathogenesis and control of animal viruses a aWashingtonbASM Pressc2004 axxvi--918 aviruses avirology aPrinciples apathogenesis aof aMolecular aEd acontrol abiology, aanimal aand a2 aVirology aENQUIST (L W) a063346 c136013d136013 001040738MicrobiologyaALbALcMicrobiologyd2021-02-17eKnowledge Worldg5629.00l0o576.64 FLIPp063346r2021-02-17 00:00:00w2021-02-17yBK